LEADER 01471nam a2200277 i 4500 001 000000230481 003 CaOOAMICUS 005 20140610000000.0 008 140610s2014 it u000 u eng u 013 $a209383 020 $a978-88-7839-281-6 040 $aSeMil$bita 100 1 $aDeák, Viktória Hedvig,$c.$0(OLS)http://semarc/name/79428 245 10$aConsilia sapientis amici :$bSaint Thomas Aquinas on the foundation of the evangelical counsels in theological anthropology /$cViktória Hedvig Deák. 260 $aRoma :$bPontificia Universitŕ Gregoriana,$c2014. 300 $a447 p. ;$c24 cm. 490 0 $aTesi Gregoriana. Serie Teologia ;$v207 600 04$aTommaso : d'Aquino .$0(OLS)http://semarc/subject/115 650 4$aTommaso : d'Aquino - Pensiero antropologico.$0(OLS)http://semarc/subject/9191 830 0$aTesi Gregoriana. Serie Teologia ;$v207.$0(OLS)http://semarc/title/351 850 $aSeMil 852 $aSeMil$W1$xVenegono$y1$m2M VI 307$j180827$B180827$CSeMilBibl$Z2$F191711 $81 961 $aSottoscrizione: Pontificia Universitŕ Gregoriana 996 $6020$a978-88-7839-281-6$9(OLS)http://semarc/number/233293 996 $6245$aConsilia sapientis amici :$bSaint Thomas Aquinas on the foundation of the evangelical counsels in theological anthropology$9(OLS)http://semarc/title/329285 996 $6260$aRoma :$bPontificia Universitŕ Gregoriana$9(OLS)http://semarc/publisher/29750 LEADER 01001nam a2200253 i 4500 001 000000037955 003 CaOOAMICUS 005 20120309000000.0 008 120309s1990 it u000 u ita u 013 $a8344 040 $aSeMil$bita 100 1 $aSuárez, Federico.$0(OLS)http://semarc/name/18168 245 13$aIl sacrificio dell'altare /$cFederico Suárez ; [traduzione dallo spagnolo di Agostino Donŕ]. 260 $aMilano :$bAres,$cstampa 1990. 300 $a200 p. ;$c21 cm. 490 0 $aEmmaus. Nuova serie 650 4$aSpiritualitŕ.$0(OLS)http://semarc/subject/5428 700 1 $aDonŕ, Agostino.$0(OLS)http://semarc/name/4448 830 0$aEmmaus. Nuova serie.$0(OLS)http://semarc/title/10128 850 $aSeMil 852 $aSeMil$W1$xVenegono$y1$m2C II 410$j4110$B4110$CSeMilBibl$Z2$F4110 $81 961 $aOmaggio: Scuola Cattolica 996 $6245$aIl sacrificio dell'altare$9(OLS)http://semarc/title/53370 996 $6260$aMilano :$bAres$9(OLS)http://semarc/publisher/30250